International Criminal Law and Human Rights / (Record no. 140)
[ view plain ]
| 000 -LEADER | |
|---|---|
| fixed length control field | 00786cam a2200265 a 4500 |
| 003 - CONTROL NUMBER IDENTIFIER | |
| control field | OSt |
| 005 - DATE AND TIME OF LATEST TRANSACTION | |
| control field | 20171020205820.0 |
| 008 - FIXED-LENGTH DATA ELEMENTS--GENERAL INFORMATION | |
| fixed length control field | 010620s2003 enk 001 0 eng |
| 010 ## - LIBRARY OF CONGRESS CONTROL NUMBER | |
| LC control number | 2004396328 |
| 015 ## - NATIONAL BIBLIOGRAPHY NUMBER | |
| National bibliography number | GBA1-X1495 |
| 020 ## - INTERNATIONAL STANDARD BOOK NUMBER | |
| International Standard Book Number | 0421722509 |
| 035 ## - SYSTEM CONTROL NUMBER | |
| System control number | (OCoLC)ocm47192307 |
| 040 ## - CATALOGING SOURCE | |
| Original cataloging agency | UKM |
| Modifying agency | UKM |
| -- | OCLCQ |
| -- | YLS |
| Transcribing agency | DLC |
| 082 04 - DEWEY DECIMAL CLASSIFICATION NUMBER | |
| Classification number | 341.48 |
| Edition number | 22 |
| Item number | THA |
| 100 1# - MAIN ENTRY--PERSONAL NAME | |
| Personal name | Than, de Claire. |
| 9 (RLIN) | 379 |
| 245 10 - TITLE STATEMENT | |
| Title | International Criminal Law and Human Rights / |
| Statement of responsibility, etc | by Claire de Than and Edwin Shorts. |
| 250 ## - EDITION STATEMENT | |
| Edition statement | 1st ed. |
| 260 ## - PUBLICATION, DISTRIBUTION, ETC. (IMPRINT) | |
| Place of publication, distribution, etc | London : |
| Name of publisher, distributor, etc | Sweet & Maxwell, |
| Date of publication, distribution, etc | 2003. |
| 300 ## - PHYSICAL DESCRIPTION | |
| Extent | xlv, 550 p. ; |
| Dimensions | 24 cm. |
| 500 ## - GENERAL NOTE | |
| General note | Includes index. |
| 650 #0 - SUBJECT ADDED ENTRY--TOPICAL TERM | |
| Topical term or geographic name as entry element | Offenses against humanity. |
| 9 (RLIN) | 380 |
| 650 #0 - SUBJECT ADDED ENTRY--TOPICAL TERM | |
| Topical term or geographic name as entry element | Human rights |
| General subdivision | Criminal provisions. |
| 9 (RLIN) | 381 |
| 700 1# - ADDED ENTRY--PERSONAL NAME | |
| Personal name | Shorts, Edwin. |
| 9 (RLIN) | 382 |
| 942 ## - ADDED ENTRY ELEMENTS (KOHA) | |
| Source of classification or shelving scheme | Dewey Decimal Classification |
| Koha item type | Books |
| Withdrawn status | Lost status | Source of classification or shelving scheme | Damaged status | Not for loan | Home library | Current library | Shelving location | Date acquired | Total Checkouts | Full call number | Barcode | Date last seen | Price effective from | Koha item type |
|---|---|---|---|---|---|---|---|---|---|---|---|---|---|---|
| Dewey Decimal Classification | Law Development Centre Main Library | Law Development Centre Main Library | Text Books and Laws | 04/08/2011 | 341.48 THA | 281010 | 04/08/2011 | 04/08/2011 | Books | |||||
| Dewey Decimal Classification | Law Development Centre Main Library | Law Development Centre Main Library | Text Books and Laws | 04/08/2011 | 341.48 THA | 314010 | 04/08/2011 | 04/08/2011 | Books | |||||
| Dewey Decimal Classification | Law Development Centre Main Library | Law Development Centre Main Library | Text Books and Laws | 04/08/2011 | 341.48 THA | 316010 | 04/08/2011 | 04/08/2011 | Books |
